| 000 | 00823nam a2200193Ia 4500 | ||
|---|---|---|---|
| 999 |
_c36561 _d36561 |
||
| 001 | 2480 | ||
| 003 | GE_BSU | ||
| 005 | 20190522154758.0 | ||
| 008 | 181216s1962||||ge |||||||||||||| ||geo|| | ||
| 040 | _cGE_BSU | ||
| 041 | _ageo | ||
| 100 |
_aტივაძე, გ. _91507 |
||
| 245 |
_bლექციების კურსი ; [ნაწ.] 3. _aდასავლეთი ევროპა განვითარებული ფეოდალიზმის ხანაში : _cგ. ტივაძე. |
||
| 264 |
_aთბილისი : _bთბილ. უნ-ტის გამ-ბა, _c1962. |
||
| 300 |
_a361 გვ.; _b21 სმ. |
||
| 653 | _aისტორია | ||
| 653 | _aფეოდალიზმის ხანა დასავლეთ ევროპაში | ||
| 942 |
_cBK _2udc |
||